00744nam a22002417a 4500999001500000001000500015003000900020005001700029008004100046020001500087040003800102082002000140100001700160245005200177250001200229260003800241300004100279500002000320650001400340650001800354942001200372952011800384 c6302d63022845BD-DhUAP20201228162027.0201228s1997 enka e 000 0 eng  a1856691101 aBD-DhUAPcBD-DhUAPdBD-DhUAPbEng00a686.224 PIP223 aPipes, Alan. aProduction for graphic designers /cAlan Pipes. a2nd ed. aLondon : bLaurence King,cc1997. a240 pages :billustrations ;c28 cm. aIncludes index. aPrinting. aGraphic arts. 2ddccBK 00102ddc4070aUAPCLbUAPCLcGeneral Stacksd2020-12-28o686.224 PIPp3010002845r2020-12-28t1w2020-12-28yBK